000 00567nam a2200169 i 4500
001 46253
003 ES-MaACL
005 20230906161342.0
007 t|
008 030328s1906 fr ||||1| fre d
245 0 0 _aCours élémentaire de mathématiques
_b: compléments de trigonométrie et méthodes pour la résolution des problemes /
_cpar F.G.M. [texte imprimé].
260 _aTours :
_bA. Mame et fils,
_c[1906]
300 _aXVI, 800 p. :
_bil. ;
_c21 cm.
500 _aEjemplar falto de portada.
700 1 _aF. G. M.
_948484
852 _aES-MaACL
_jF-4018
999 _c46253
_d46253